[Event "Asia-ch Blitz U20"]
[Site "Jamshedpur"]
[Date "2023.09.15"]
[Round "7"]
[White "Giridhar, A."]
[Black "Krishnan, Ritvik"]
[Result "0-1"]
[WhiteElo "1328"]
[BlackElo "2235"]
[PlyCount "48"]
[EventDate "2023.09.15"]
[EventType "swiss (blitz)"]
[EventRounds "9"]
[EventCountry "IND"]
[SourceTitle "EXT 2024"]
[Source "ChessBase"]
[SourceDate "2023.10.10"]
[SourceVersion "1"]
[SourceVersionDate "2023.10.10"]
[SourceQuality "1"]

1. d4 g6 2. c4 Bg7 3. e4 c5 4. Nf3 cxd4 5. Nxd4 Nc6 6. Be3 Qb6 7. Nb3 Qc7 8. Nc3 Nf6 9. Be2 h5 10. Rc1 Ng4 11. Bxg4 hxg4 12. Qxg4 Rxh2 13. Rxh2 Qxh2 14. Bf4 Qh8 15. Nd5 d6 16. Qe2 Kd8 17. Rc2 Qh1+ 18. Qf1 Qh4 19. g3 Qh5 20. Qe2 Bg4 21. Qf1 Bf3 22. Nd2 Nd4 23. Rc3 Bg2 24. Qxg2 Qe2# 0-1

[Event "Asia-ch Blitz U20"]
[Site "Jamshedpur"]
[Date "2023.09.15"]
[Round "4"]
[White "Vignesh, B."]
[Black "Giridhar, A."]
[Result "1-0"]
[WhiteElo "2147"]
[BlackElo "1328"]
[PlyCount "51"]
[EventDate "2023.09.15"]
[EventType "swiss (blitz)"]
[EventRounds "9"]
[EventCountry "IND"]
[SourceTitle "EXT 2024"]
[Source "ChessBase"]
[SourceDate "2023.10.10"]
[SourceVersion "1"]
[SourceVersionDate "2023.10.10"]
[SourceQuality "1"]

1. a3 d5 2. e3 g6 3. c4 c6 4. b4 Bg7 5. Nc3 e5 6. Bb2 Nf6 7. cxd5 cxd5 8. Nf3 Qe7 9. d4 e4 10. Nd2 0-0 11. Be2 a6 12. b5 axb5 13. Nxb5 Nc6 14. a4 Rd8 15. Ba3 Qd7 16. Bc5 Qf5 17. 0-0 Be6 18. f4 h5 19. Nd6 Rxd6 20. Bxd6 Ne8 21. Bc5 Qf6 22. Qb3 Nd8 23. a5 Bf8 24. Bxf8 Kxf8 25. Rac1 Rxa5 26. Qb4+ 1-0

[Event "Asia-ch U20"]
[Site "Jamshedpur"]
[Date "2023.09.13"]
[Round "7"]
[White "Vikramaditya, Abhijit Chavan"]
[Black "Giridhar, A."]
[Result "0-1"]
[WhiteElo "1388"]
[BlackElo "1591"]
[PlyCount "84"]
[EventDate "2023.09.09"]
[EventType "swiss"]
[EventRounds "9"]
[EventCountry "IND"]
[SourceTitle "EXT 2024"]
[Source "ChessBase"]
[SourceDate "2023.10.10"]
[SourceVersion "1"]
[SourceVersionDate "2023.10.10"]
[SourceQuality "1"]

1. e4 e6 2. d4 d5 3. exd5 exd5 4. Nf3 Nf6 5. Bd3 c5 6. c3 c4 7. Be2 Bd6 8. b3 cxb3 9. axb3 0-0 10. 0-0 Nc6 11. c4 h6 12. h3 Be6 13. c5 Bc7 14. Bd2 a5 15. Nc3 Ne4 16. Nb5 Nxd2 17. Qxd2 Bb8 18. Ra4 Qf6 19. Rfa1 Bf4 20. Qd1 Rac8 21. Ne1 Bb8 22. Bf1 g5 23. Nc2 Qg6 24. b4 axb4 25. Nxb4 f5 26. Nc3 Ne7 27. Qe2 Rce8 28. Qd3 Qf7 29. Qf3 h5 30. Re1 g4 31. hxg4 hxg4 32. Qe3 Ng6 33. Bb5 Bd7 34. Qd2 Bf4 35. Qd1 Qh7 36. g3 Nh4 37. Be2 Rxe2 38. Qxe2 Nf3+ 39. Qxf3 gxf3 40. Nbxd5 Bg5 41. Nd1 Bxa4 42. N1e3 Re8 0-1

[Event "Asia-ch U20"]
[Site "Jamshedpur"]
[Date "2023.09.12"]
[Round "5"]
[White "Thejas, K."]
[Black "Giridhar, A."]
[Result "1-0"]
[WhiteElo "1426"]
[BlackElo "1591"]
[PlyCount "79"]
[EventDate "2023.09.09"]
[EventType "swiss"]
[EventRounds "9"]
[EventCountry "IND"]
[SourceTitle "EXT 2024"]
[Source "ChessBase"]
[SourceDate "2023.10.10"]
[SourceVersion "1"]
[SourceVersionDate "2023.10.10"]
[SourceQuality "1"]

1. e4 e6 2. d4 d5 3. Nc3 Be7 4. Qg4 Nf6 5. Qxg7 Rg8 6. Qh6 dxe4 7. Qe3 Nc6 8. Bb5 Bd7 9. Nge2 Nb4 10. Qd2 Bxb5 11. Nxb5 e3 12. fxe3 Ne4 13. Qd1 Rxg2 14. Ng3 Nxg3 15. hxg3 Bd6 16. Qf3 Rxg3 17. Qxb7 Nxc2+ 18. Kd2 Nxa1 19. Nxd6+ Qxd6 20. Qxa8+ Ke7 21. Qb7 Rg5 22. Kd3 h5 23. Bd2 Qd7 24. Rc1 Qb5+ 25. Qxb5 Rxb5 26. Rxa1 Rxb2 27. Rc1 Rxa2 28. Rh1 Ra3+ 29. Kc4 Ra2 30. Bb4+ Kd7 31. Rxh5 Re2 32. Kd3 Ra2 33. Ra5 Rxa5 34. Bxa5 a6 35. Ke4 f6 36. d5 exd5+ 37. Kxd5 c6+ 38. Kc5 Ke6 39. Kxc6 Ke5 40. Bc7+ 1-0

[Event "Asia-ch Rapid U20"]
[Site "Jamshedpur"]
[Date "2023.09.08"]
[Round "2"]
[White "Thapa, Rishon"]
[Black "Giridhar, A."]
[Result "0-1"]
[WhiteElo "1729"]
[BlackElo "1470"]
[PlyCount "120"]
[EventDate "2023.09.08"]
[EventType "swiss (rapid)"]
[EventRounds "9"]
[EventCountry "IND"]
[SourceTitle "EXT 2024"]
[Source "ChessBase"]
[SourceDate "2023.10.10"]
[SourceVersion "1"]
[SourceVersionDate "2023.10.10"]
[SourceQuality "1"]

1. d4 d5 2. c4 c6 3. Nf3 Nf6 4. Nc3 e6 5. g3 Nbd7 6. Bg2 dxc4 7. 0-0 b5 8. Ne5 Nxe5 9. dxe5 Nd5 10. a4 b4 11. Ne4 Be7 12. Qc2 Ba6 13. Nd2 c3 14. bxc3 bxc3 15. Ne4 0-0 16. Nxc3 Rc8 17. Rd1 Qc7 18. Bb2 Rfd8 19. Qe4 Rb8 20. Nxd5 cxd5 21. Qd4 Bc5 22. Qd2 Qb6 23. Bd4 Bxd4 24. Qxd4 Qxd4 25. Rxd4 Bxe2 26. Rc1 Bc4 27. Bf1 Bxf1 28. Kxf1 Rdc8 29. Rxc8+ Rxc8 30. Rb4 f6 31. Rb7 a5 32. Rb5 Ra8 33. f4 Kf7 34. Ke2 Kg6 35. Rb6 Kf5 36. Rb7 fxe5 37. fxe5 Kxe5 38. Rxg7 Rc8 39. Ra7 Rc5 40. Rxh7 Rc4 41. h4 Rxa4 42. h5 Kf6 43. Rh6+ Kf5 44. Rg6 Ra2+ 45. Ke3 Rh2 46. g4+ Ke5 47. Rg7 d4+ 48. Kd3 Rh3+ 49. Kd2 Ke4 50. Ra7 Rh2+ 51. Kc1 Kf4 52. Rxa5 e5 53. Kd1 e4 54. Ra8 Kxg4 55. Rd8 d3 56. Rg8+ Kf3 57. Re8 Rxh5 58. Rf8+ Ke3 59. Rf1 Rh2 60. Ke1 Ra2 0-1

[Event "Hyderabad Singh Ji Memorial"]
[Site "Hyderabad"]
[Date "2023.01.13"]
[Round "8"]
[White "Bhosale, Shriraj"]
[Black "Giridhar, A."]
[Result "1-0"]
[WhiteElo "1961"]
[BlackElo "1580"]
[PlyCount "71"]
[EventDate "2023.01.10"]
[EventType "swiss"]
[EventRounds "9"]
[EventCountry "IND"]
[SourceTitle "CBM 212 Extra"]
[Source "ChessBase"]
[SourceDate "2023.03.31"]
[SourceVersion "1"]
[SourceVersionDate "2023.03.31"]
[SourceQuality "1"]

1. d4 Nf6 2. Nf3 e6 3. Bf4 d5 4. e3 Bd6 5. c3 0-0 6. Nbd2 c5 7. Bg3 Qc7 8. Ne5 Nc6 9. f4 Nd7 10. Bd3 f6 11. Qh5 f5 12. Bh4 Nf6 13. Bxf6 Rxf6 14. 0-0 Bxe5 15. fxe5 Qf7 16. Qxf7+ Rxf7 17. g4 g6 18. gxf5 gxf5 19. Kf2 h6 20. Rg1+ Kh7 21. Rg3 Bd7 22. Rag1 cxd4 23. exd4 Ne7 24. c4 Bc6 25. b4 a6 26. Nf3 Rg8 27. b5 Rxg3 28. hxg3 axb5 29. cxb5 Be8 30. Rc1 Kg7 31. a4 Ng6 32. Rc8 Re7 33. a5 Kf7 34. b6 Nf8 35. a6 bxa6 36. Bxa6 1-0